| 000 | 00827nam a22002177a 4500 | ||
|---|---|---|---|
| 003 | 0 | ||
| 005 | 20250625085120.0 | ||
| 008 | 150928b xxu||||| |||| 00| 0 eng d | ||
| 050 |
_aPGS BF 697.5.S43 _b.T772 2015 |
||
| 100 | _aTrang, Tristan James P. | ||
| 245 |
_aVideo games preference and self-esteem / _cTristan James P. Trang. |
||
| 260 |
_aLas PiƱas City, Philippines : _bSouthville International School and Colleges, _c2015. |
||
| 300 |
_a27 p. : _bill. ; _c28 cm. |
||
| 504 | _aIncludes bibliographical references. | ||
| 650 |
_aVideo games _vPsychological aspects. |
||
| 650 |
_aSelf-esteem _vInfluence of video games. |
||
| 650 |
_aGaming preferences _vPsychological aspects. |
||
| 650 |
_aSelf-perception _vInfluence of digital media. |
||
| 650 |
_aDigital gaming _vImpact on self-esteem. |
||
| 942 |
_2lcc _cPASS |
||
| 999 |
_c288766 _d288766 |
||